| 000 | 00000nam##2200000za#4500 |
| 001 | 9.603141 |
| 003 | CaOODSP |
| 005 | 20210624210926 |
| 007 | cr ||||||||||| |
| 008 | 150406|1998||||xxc|||||o f|0| 0 fre|d |
| 040 | |aCaOODSP|bfre |
| 043 | |an-cn--- |
| 086 | 1 |aSC94-62/20-1997F-PDF |
| 110 | 1 |aCanada.|bCentre canadien de gestion. |
| 245 | 10|aEnquêtes menées auprès des employés de la fonction publique : |h[ressource électronique]|bexpériences et facteurs de succès / |c[par] Paul de L. Harwood. |
| 260 | |aOttawa - Ontario : |bCentre canadien de gestion |cc1998. |
| 300 | |a75p.|bfigure, tableaux |
| 490 | 1 |aLes pratiques de gestion|vN° 20 |
| 500 | |aLe n° de catalogue (SC94-62/20-1998) et l'ISBN (0-662-62991-4) de l'édition imprimée bilingue ont été incorrectement copiés dans cette édition électronique. |
| 504 | |aBibliographie. |
| 590 | |a12-09-Supp|b2012-03-21 |
| 691 | 07|aEnquête|2gcpds |
| 691 | 07|aFonction publique|2gcpds |
| 720 | 1 |aHarwood, Paul de L. |
| 775 | 08|tEmployee surveys in the Public Service : |w(CaOODSP)9.572894 |
| 830 | #0|aLes pratiques de gestion ;|vN° 20|w(CaOODSP)9.503178 |
| 856 | 40|ahttp://publications.gc.ca|qPDF|s302 Ko|uhttps://publications.gc.ca/collections/Collection/SC94-62-20-1997F.pdf|yN° 20 |